00888nam a2200193 i 4500001000700000003000900007005001700016007000300033008004100036100004600077245018600123260007200309300002200381700004600403700007200449852003200521999001900553952012200572150184ES-MaACL20260127062549.0t|071029s1969 sp ||||1| spa d1 aValle Iturriaga, José Luis del.911281013aEl imperio del derecho b: discurso de ingreso del señor José Luis del Valle Iturriaga leído el 17 de febrero de 1969, y contestación de... Juan Becerril y Antón Miralles. aMadrid : bReal Academia de Jurisprudencia y Legislación, c1969. a210 p. ; c23 cm.1 aBecerril y Antón-Miralles, Juan.926892 aReal Academia de Jurisprudencia y Legislación de España9217612 aES-MaACLjC-36187 bR.69531 c150184d150184 00104070aATENEOMbATENEOMcDEPO2d2008-01-17eSCl0oC-36187p1156716r2023-02-23 00:00:00w2023-02-23yMONOGRAFIA